| 000 | 00605nam a22001817a 4500 | ||
|---|---|---|---|
| 999 |
_c3664 _d3664 |
||
| 008 | 160803b xxu||||| |||| 00| 0 eng d | ||
| 020 | _a9781428336568 | ||
| 082 |
_22009 _aDC 621.902 _bSm5m |
||
| 100 |
_912195 _aSmith, Robert |
||
| 245 |
_aMathematics for machine technology/ _cRobert Smith & John C. Peterson. |
||
| 260 |
_aAustralia: _bDelmar Cengage Learning, _cc2009. |
||
| 300 |
_aix, 594 pages: _billustrations; _c28 cm. |
||
| 500 | _aIncludes index. | ||
| 650 | 0 |
_912196 _aMachine technology _xMathematics |
|
| 700 |
_912197 _aPeterson, John C. _eAuthor |
||
| 365 |
_aPhp _b8295.00 |
||
| 942 |
_2ddc _cDC |
||